00825nam a22002177a 450000500170000000800410001702000180005805000240007610000270010024501080012726000330023530000180026833700100028633800140029650000890031050400520039965000260045165000340047770000440051170000520055520231102151842.0150731t19972011mx ||||fr|||||||1 ||spa d a978970151060504aHF6648.8bF87 200111 aFurnham, Adrianeautor10aPsicología organizacionalb:el comportamiento del individuo en las organizacionesc/ Adrián Furnham3 aMéxicob :Alfaomegac,2011 a748 páginas atexto asin medio aEducación Mixta Psicología / Administración de empresas (B14-01) / (13 002601) aIncluye referencias bibliográficas e índice14aPSICOLOGIA INDUSTRIAL24aCOMPORTAMIENTO ORGANIZACIONAL14aPelcastre Ortega, Gustavoetraducción14aVarela Domínguez, Rubenerevisión técnica